Stavebno-technologický projekt: Výrobno-skladová hala ZKW Krušovce

Gespeichert in:
Bibliographische Detailangaben
1. Verfasser: Pitoňáková, Emília (Verfasst von)
Weitere Verfasser: Ďubek, Marek (Betreuung Doktorarbeit)
Format: Manuskript Buch
Sprache:Slowakisch
Veröffentlicht: 2019
Schlagworte:
Online-Zugang:http://is.stuba.sk/zp/portal_zp.pl?podrobnosti=145228
https://opac.crzp.sk/?fn=detailBiblioForm&sid=9F8942B94996237AAFF41CF666DC
Tags: Tag hinzufügen
Keine Tags, Fügen Sie das erste Tag hinzu!

MARC

LEADER 00000ntm a22000003a 4500
001 stuzp74036
003 SK-STU
005 20230608151314.5
007 ta
008 150427s2015----xo-----f-mn---000-0-slo-d
040 |a STU  |b slo 
041 0 |a slo 
100 1 |a Pitoňáková, Emília  |u 010270  |k Z4  |4 aut  |U SvF Stavebná fakulta  |T SvF Katedra technológie stavieb  |X 75654  |U V270  |Y 28  |7 75654 
242 0 1 |a Construction - Technological Project: Production-warehouse hall ZKW Krušovce  |y eng 
245 1 0 |a Stavebno-technologický projekt: Výrobno-skladová hala ZKW Krušovce 
260 |c 2019 
650 4 |a zariadenie staveniska  |2 slo 
650 4 |a časový plán  |2 slo 
650 4 |a hĺbkové zakladanie  |2 slo 
650 4 |a vŕtané pilóty  |2 slo 
650 4 |a time schedule  |2 eng 
650 4 |a deep foundation  |2 eng 
650 4 |a drilled piles  |2 eng 
650 4 |a construction equipment  |2 eng 
700 1 |a Ďubek, Marek  |u 010270  |k Z1  |4 ths  |U SvF Stavebná fakulta  |T SvF Katedra technológie stavieb  |X 20818  |U V270  |Y 28  |7 A000020818 
856 4 |u http://is.stuba.sk/zp/portal_zp.pl?podrobnosti=145228 
856 4 |u https://opac.crzp.sk/?fn=detailBiblioForm&sid=9F8942B94996237AAFF41CF666DC